00601nam a2200193 4500003000400000005001700004008004100021040001800062050001700080100003000097245009700127264006400224300001700288336002200305337002400327338002400351942001500375999001700390OSt20260530113852.0260508b1997 |||ad||| |||| 001 0 por d aICIbspacICI aHF5415bA1531 aAcar Filho, Nelson93129710aMarketing no projeto e desenvolvimento de novos Productos:bO papel do desenhista industrial 1bInstituto Brasileiro de Ciencia y Tecnolgíac1997aBrasil a60 páginas atexto2rdacontent asin medio2rdamedia avolumen2rdacarrier 2lcccBKn1 c11476d11476